000 00517nam a2200229Ia 4500
005 20250425162726.0
008 250425s9999 xx 000 0 und d
020 _a9972437851
041 _aspa
043 _aec
082 _a574.5
100 _aCASSIS MARTINEZ, RICARDO
245 0 _aLA CIENCIA DE LA ECOLOGÍA
250 _a2A ED.
260 _aEcuador
_bEL ARKE
_c2004
260 _aGUAYAQUIL
300 _a231
650 _aECOLOGIA
650 _aMEDIO AMBIENTE
942 _c01
010 _a103410
999 _c235176
_d235176